<?xml version="1.0" encoding="UTF-8"?>
<record
    xmlns:xsi="http://www.w3.org/2001/XMLSchema-instance"
    xsi:schemaLocation="http://www.loc.gov/MARC21/slim http://www.loc.gov/standards/marcxml/schema/MARC21slim.xsd"
    xmlns="http://www.loc.gov/MARC21/slim">

  <leader>00344nam a22001097a 4500</leader>
  <datafield tag="040" ind1=" " ind2=" ">
    <subfield code="c">HS</subfield>
  </datafield>
  <datafield tag="082" ind1=" " ind2=" ">
    <subfield code="a">570</subfield>
  </datafield>
  <datafield tag="100" ind1=" " ind2=" ">
    <subfield code="a">&#x178C;&#x17BB;&#x1780; &#x1786;&#x17C1;&#x1784;</subfield>
  </datafield>
  <datafield tag="245" ind1=" " ind2=" ">
    <subfield code="a">&#x1787;&#x17B8;&#x179C;&#x179C;&#x17B7;&#x1791;&#x17D2;&#x1799;&#x17B6;</subfield>
  </datafield>
  <datafield tag="260" ind1=" " ind2=" ">
    <subfield code="a">&#x179C;&#x17B7;&#x1791;&#x17D2;&#x1799;&#x17B6;&#x179F;&#x17D2;&#x1790;&#x17B6;&#x1793;&#x1794;&#x1785;&#x17D2;&#x1785;&#x17C1;&#x1780;&#x1791;&#x17C1;&#x179F;&#x1780;&#x179F;&#x17B7;&#x1780;&#x1798;&#x17D2;&#x1798;&#x200B; &#x1785;&#x17C6;&#x1780;&#x17B6;&#x179A;&#x178A;&#x17BC;&#x1784;</subfield>
    <subfield code="b">&#x178C;&#x17BB;&#x1780; &#x1786;&#x17C1;&#x1784;</subfield>
    <subfield code="c">1994</subfield>
  </datafield>
  <datafield tag="942" ind1=" " ind2=" ">
    <subfield code="c">KB</subfield>
  </datafield>
  <datafield tag="999" ind1=" " ind2=" ">
    <subfield code="c">8479</subfield>
    <subfield code="d">8479</subfield>
  </datafield>
  <datafield tag="952" ind1=" " ind2=" ">
    <subfield code="0">0</subfield>
    <subfield code="1">0</subfield>
    <subfield code="4">0</subfield>
    <subfield code="6">570_000000000000000_&#x178C;&#x17BB;&#x1780;_1994_C171</subfield>
    <subfield code="7">0</subfield>
    <subfield code="9">48528</subfield>
    <subfield code="a">LBC</subfield>
    <subfield code="b">LBC</subfield>
    <subfield code="c">C171</subfield>
    <subfield code="d">2016-08-02</subfield>
    <subfield code="o">570 &#x178C;&#x17BB;&#x1780; 1994 C171</subfield>
    <subfield code="p">RUA045303</subfield>
    <subfield code="r">2016-10-13</subfield>
    <subfield code="y">KB</subfield>
  </datafield>
  <datafield tag="952" ind1=" " ind2=" ">
    <subfield code="0">0</subfield>
    <subfield code="1">0</subfield>
    <subfield code="4">0</subfield>
    <subfield code="6">570_000000000000000_&#x178C;&#x17BB;&#x1780;_1994_C171</subfield>
    <subfield code="7">0</subfield>
    <subfield code="9">48530</subfield>
    <subfield code="a">LBC</subfield>
    <subfield code="b">LBC</subfield>
    <subfield code="c">C171</subfield>
    <subfield code="d">2016-08-02</subfield>
    <subfield code="o">570 &#x178C;&#x17BB;&#x1780; 1994 C171</subfield>
    <subfield code="p">RUA045807</subfield>
    <subfield code="r">2016-10-13</subfield>
    <subfield code="y">KB</subfield>
  </datafield>
  <datafield tag="952" ind1=" " ind2=" ">
    <subfield code="0">0</subfield>
    <subfield code="1">0</subfield>
    <subfield code="4">0</subfield>
    <subfield code="6">570_000000000000000_&#x178C;&#x17BB;&#x1780;_1994_C171</subfield>
    <subfield code="7">0</subfield>
    <subfield code="9">48531</subfield>
    <subfield code="a">LBC</subfield>
    <subfield code="b">LBC</subfield>
    <subfield code="c">C171</subfield>
    <subfield code="d">2016-08-02</subfield>
    <subfield code="o">570 &#x178C;&#x17BB;&#x1780; 1994 C171</subfield>
    <subfield code="p">RUA41734</subfield>
    <subfield code="r">2016-10-13</subfield>
    <subfield code="y">KB</subfield>
  </datafield>
  <datafield tag="952" ind1=" " ind2=" ">
    <subfield code="0">0</subfield>
    <subfield code="1">0</subfield>
    <subfield code="4">0</subfield>
    <subfield code="6">570_000000000000000_&#x178C;&#x17BB;&#x1780;_1994_C171</subfield>
    <subfield code="7">0</subfield>
    <subfield code="9">48534</subfield>
    <subfield code="a">LBC</subfield>
    <subfield code="b">LBC</subfield>
    <subfield code="c">C171</subfield>
    <subfield code="d">2016-08-02</subfield>
    <subfield code="o">570 &#x178C;&#x17BB;&#x1780; 1994 C171</subfield>
    <subfield code="p">RUA061757</subfield>
    <subfield code="r">2016-10-13</subfield>
    <subfield code="y">KB</subfield>
  </datafield>
  <datafield tag="952" ind1=" " ind2=" ">
    <subfield code="0">0</subfield>
    <subfield code="1">0</subfield>
    <subfield code="4">0</subfield>
    <subfield code="6">570_000000000000000_&#x178C;&#x17BB;&#x1780;_1994_C171</subfield>
    <subfield code="7">0</subfield>
    <subfield code="9">48535</subfield>
    <subfield code="a">LBC</subfield>
    <subfield code="b">LBC</subfield>
    <subfield code="c">C171</subfield>
    <subfield code="d">2016-08-02</subfield>
    <subfield code="l">2</subfield>
    <subfield code="o">570 &#x178C;&#x17BB;&#x1780; 1994 C171</subfield>
    <subfield code="p">RUA062577</subfield>
    <subfield code="r">2017-02-09</subfield>
    <subfield code="s">2017-01-27</subfield>
    <subfield code="y">KB</subfield>
  </datafield>
  <datafield tag="952" ind1=" " ind2=" ">
    <subfield code="0">0</subfield>
    <subfield code="1">0</subfield>
    <subfield code="4">0</subfield>
    <subfield code="6">570_000000000000000_&#x178C;&#x17BB;&#x1780;_1994_C171</subfield>
    <subfield code="7">0</subfield>
    <subfield code="9">48537</subfield>
    <subfield code="a">LBC</subfield>
    <subfield code="b">LBC</subfield>
    <subfield code="c">C171</subfield>
    <subfield code="d">2016-08-02</subfield>
    <subfield code="l">1</subfield>
    <subfield code="o">570 &#x178C;&#x17BB;&#x1780; 1994 C171</subfield>
    <subfield code="p">RUA062609</subfield>
    <subfield code="r">2017-02-09</subfield>
    <subfield code="s">2017-01-24</subfield>
    <subfield code="y">KB</subfield>
  </datafield>
</record>
